Kraje z największą ilością sąsiadów - Statystyki

Ogólne statystyki
  • Ten quiz został rozwiązany 775 razy
  • Średni wynik to 10 z 19
Statystyki odpowiedzi
ilość odpowiedź % Poprawnych
14 Rosja
99%
14 Chiny
96%
9 Niemcy
92%
7 Polska
92%
10 Brazylia
82%
9 Francja
76%
7 Ukraina
53%
8 Demokratyczna Republika Konga
51%
8 Austria
49%
7 Węgry
48%
7 Serbia
47%
8 Turcja
42%
7 Niger
40%
7 Iran
38%
7 Arabia saudyjska
33%
7 Sudan
33%
7 Mali
29%
8 Zambia
16%
7 Tanzania
15%
Nie znaleziono quizów pasujących do podanych kryteriów
Rozkład punktacji
Procent ludzi z każdym wynikiem
Percentyl według liczby udzielonych odpowiedzi
Twoja historia wyników
Nie rozwiązałeś tego quizu